000 00540nam a22001817a 4500
999 _c263269
_d263268
003 OSt
005 20240307144701.0
008 240307b xxu||||| |||| 00| 0 eng d
010 _a 2005271672
020 _a 0439559715 (pbk.)
040 _cRU
050 _aPZ7
_b .F1195 2004
100 _aStilton, Geronimo.
245 _aA fabumouse vacation for Geronimo /
_c Geronimo Stilton ; [illustrations by Larry Keys].
260 _a New York :
_b Scholastic,
_c c2004.
300 _a112 p. :
_b ill., maps ;
_c 20 cm.
942 _2lcc
_cBK